[Event "ch-CHN Blitz 2018"]
[Site "Tianjin CHN"]
[Date "2018.06.08"]
[Round "7.3"]
[White "Wei Yi"]
[Black "Wen Yang"]
[Result "1/2-1/2"]
[WhiteElo "2734"]
[BlackElo "2596"]

1.e4 e5 2.Nf3 Nc6 3.Bc4 Nf6 4.d3 Bc5 5.O-O O-O 6.Nbd2 d6 7.c3 Ne7 8.Bb3 Ng6
9.h3 c6 10.Re1 Bb6 11.Nf1 h6 12.Ng3 d5 13.exd5 Nxd5 14.d4 exd4 15.Nxd4 Be6
16.Bc2 Ndf4 17.Nxe6 Qxd1 18.Rxd1 Nxe6 19.Re1 Rfe8 20.Be3 Bxe3 21.Rxe3 Ngf4
22.Rae1 Rad8 23.Nf1 Nd5 24.R3e2 Ndf4 25.Re3 Nd5 26.R3e2 Ndf4 27.Re3 Nd5  1/2-1/2

[Event "ch-CHN Blitz 2018"]
[Site "Tianjin CHN"]
[Date "2018.06.08"]
[Round "8.4"]
[White "Lu Shanglei"]
[Black "Wei Yi"]
[Result "0-1"]
[WhiteElo "2630"]
[BlackElo "2734"]

1.e4 c6 2.Nc3 d5 3.Nf3 g6 4.h3 Bg7 5.d4 dxe4 6.Nxe4 Nf6 7.Nxf6+ exf6 8.Bc4 O-O
9.O-O a5 10.a4 Nd7 11.Bf4 Nb6 12.Bb3 Nd5 13.Bh2 Be6 14.Re1 Re8 15.Nd2 f5
16.Nc4 f4 17.c3 g5 18.Ne5 Bf5 19.Qh5 Qf6 20.Re2 h6 21.Rae1 Re7 22.Qf3 Rae8
23.Bxd5 cxd5 24.Qxd5 Qb6 25.Qf3 Qb3 26.g3 f6 27.gxf4 fxe5 28.fxe5 Be6 29.h4 Rf8
30.Qg3 Rf5 31.f3 Bf8 32.Rg2 Rg7 33.Kh1 Bd5 34.Rf1 Bxf3 35.Rxf3 Qd1+ 36.Bg1 Rxf3
37.Qg4 Qd3 38.Qe6+ Kh7 39.hxg5 Rh3+ 40.Bh2 Qd1+ 41.Rg1 Qf3+ 42.Rg2 Rxg5  0-1

[Event "ch-CHN Blitz 2018"]
[Site "Tianjin CHN"]
[Date "2018.06.08"]
[Round "9.2"]
[White "Wei Yi"]
[Black "Wang Hao"]
[Result "0-1"]
[WhiteElo "2734"]
[BlackElo "2710"]

1.Nf3 d5 2.e3 Nf6 3.c4 e6 4.Nc3 b6 5.b3 Bb7 6.Bb2 Bd6 7.g3 Nbd7 8.Bg2 O-O
9.O-O a6 10.Qe2 Qe7 11.d4 Rac8 12.Rfd1 Rfd8 13.Rac1 dxc4 14.bxc4 c5 15.d5 exd5
16.Nh4 g6 17.Nxd5 Bxd5 18.Bxd5 Nxd5 19.Rxd5 Nf6 20.Rd3 Be5 21.Rcd1 Rxd3 22.Rxd3 Bxb2
23.Qxb2 b5 24.cxb5 c4 25.Rd4 c3 26.Qc2 axb5 27.Ng2 Qa3 28.Ne1 b4 29.Nd3 Rb8
30.e4 Qa7 31.Rc4 Qa6 32.Rd4 Qa7 33.Rc4 Qe7 34.Qe2 Qd6 35.e5 Qe7 36.Qf3 Nd7
37.Rc7 Nxe5 38.Rxe7 Nxf3+ 39.Kg2 Nd4 40.Rc7 Nc2 41.Rc4 Kg7 42.Kf3 Ra8 43.Nxb4 Ra4
44.a3 Nxa3 45.Rxc3 Nb1 46.Rc1 Rxb4 47.Ke3 Na3 48.Kd3 Rb7 49.Kd4 Nb5+ 50.Kd5 Rd7+
51.Ke5 Nd4 52.Ke4 Ne6  0-1

[Event "CHN Team Men 2018"]
[Site "Hangzhou CHN"]
[Date "2018.06.19"]
[Round "1.3"]
[White "Wei Yi"]
[Black "Fang,Yuxiang"]
[Result "1-0"]
[WhiteElo "2734"]
[BlackElo "2499"]

1.Nf3 d5 2.g3 Bg4 3.Bg2 c6 4.c4 e6 5.O-O Nf6 6.d3 dxc4 7.dxc4 Qxd1 8.Rxd1 Nbd7
9.b3 Be7 10.Bb2 O-O-O 11.Nc3 Bxf3 12.Bxf3 Ne5 13.Bg2 Rxd1+ 14.Nxd1 Ng6 15.Bd4 Kc7
16.Nb2 b6 17.Nd3 Rd8 18.Bc3 c5 19.a3 Ne8 20.b4 Bf6 21.Bxf6 gxf6 22.bxc5 Ne5
23.cxb6+ axb6 24.c5 Nxd3 25.cxb6+ Kxb6 26.Rd1 f5 27.Rxd3 Rxd3 28.exd3 Nc7
29.Bf3 f6 30.Bd1 Nb5 31.Ba4 Ka5 32.Bb3 Nd4 33.Bd1 Nb5 34.Kg2 Nxa3 35.Bb3 e5
36.Be6 Kb4 37.Bxf5 h6 38.Kh3 Nc2 39.Kg4 Kc3 40.Kh5 Ne1 41.Kxh6 Nxd3 42.Bxd3 Kxd3
43.Kg6  1-0

[Event "CHN Team Men 2018"]
[Site "Hangzhou CHN"]
[Date "2018.06.20"]
[Round "2.3"]
[White "Wang Yue"]
[Black "Wei Yi"]
[Result "1/2-1/2"]
[WhiteElo "2679"]
[BlackElo "2734"]

1.d4 Nf6 2.c4 e6 3.Nf3 d5 4.Nc3 Bb4 5.Bg5 dxc4 6.e4 c5 7.Bxc4 cxd4 8.Nxd4 Bxc3+
9.bxc3 Qa5 10.Bb5+ Bd7 11.Bxf6 gxf6 12.Bxd7+ Nxd7 13.O-O Qxc3 14.Rc1 Qa5
15.Qb3 Rd8 16.Nxe6 fxe6 17.Qxe6+ Kf8 18.Qd6+ Ke8 19.Qe6+ Kf8 20.Rfd1 Qe5
21.Rxd7 Qxe6 22.Rxd8+ Kg7 23.Rc7+ Kg6 24.Rxh8 Qxa2 25.g3 Qb1+ 26.Kg2 Qxe4+
27.Kg1 Qe1+ 28.Kg2 Qe4+ 29.Kg1 Qe1+ 30.Kg2 Qe4+  1/2-1/2

[Event "CHN Team Men 2018"]
[Site "Hangzhou CHN"]
[Date "2018.06.20"]
[Round "3.1"]
[White "Bu Xiangzhi"]
[Black "Wei Yi"]
[Result "1/2-1/2"]
[WhiteElo "2718"]
[BlackElo "2734"]

1.Nf3 Nf6 2.c4 e6 3.Nc3 d5 4.d4 Bb4 5.Bg5 h6 6.Bxf6 Qxf6 7.e3 O-O 8.Rc1 dxc4
9.Bxc4 c5 10.O-O cxd4 11.Ne4 Qe7 12.a3 Ba5 13.Qxd4 Rd8 14.Qc5 Qxc5 15.Nxc5 Nd7
16.Nb3 Bb6 17.a4 Nf6 18.Be2 Ne8 19.a5 Bc7 20.Rc2 Kf8 21.Rfc1 Bd6 22.Nc5 b6
23.axb6 axb6 24.Ne4 Bb7 25.Nxd6 Nxd6 26.Nd2 Rac8 27.f3 Ke7 28.Kf2 e5 29.e4 Rxc2
30.Rxc2 Rc8 31.Rxc8 Bxc8  1/2-1/2

[Event "CHN Team Men 2018"]
[Site "Hangzhou CHN"]
[Date "2018.06.21"]
[Round "4.2"]
[White "Wei Yi"]
[Black "Xu,Yinglun"]
[Result "1/2-1/2"]
[WhiteElo "2734"]
[BlackElo "2536"]

1.e4 e6 2.d4 d5 3.Nc3 dxe4 4.Nxe4 Nd7 5.Nf3 Ngf6 6.Nxf6+ Nxf6 7.Be3 Be7 8.Bd3 O-O
9.Qe2 b6 10.O-O-O Bb7 11.h4 c5 12.Rh3 Kh8 13.c3 Qc7 14.Ng5 h6 15.Kb1 Rad8
16.Ka1 Bd6 17.f3 cxd4 18.Bxd4 e5 19.Be3 Bc5 20.Bc1 Kg8 21.Ne4 Nd5 22.Bb1 Nf4
23.Qc2 Bxe4 24.Qxe4 f5 25.Qc4+ Qf7 26.Qxf7+ Kxf7 27.Rxd8 Rxd8 28.Bxf4 exf4
29.Rh1 Rd2 30.Bxf5 Rxg2 31.h5  1/2-1/2

[Event "CHN Team Men 2018"]
[Site "Hangzhou CHN"]
[Date "2018.06.22"]
[Round "5.1"]
[White "Wei Yi"]
[Black "Yu Yangyi"]
[Result "1/2-1/2"]
[WhiteElo "2734"]
[BlackElo "2759"]

1.e4 e5 2.Nf3 Nc6 3.Nc3 Nf6 4.d4 exd4 5.Nxd4 Bb4 6.Nxc6 bxc6 7.Bd3 d5 8.exd5 O-O
9.O-O cxd5 10.Bg5 c6 11.Qf3 Bd6 12.Rae1 Rb8 13.Nd1 h6 14.Bxf6 Qxf6 15.Qxf6 gxf6
16.b3 Be6 17.Ne3 Bb4 18.Rd1 Rfe8 19.Nf5 Bxf5 20.Bxf5 Re5 21.f4 Re3 22.g3 Rd8
23.Kg2 d4 24.Rf3 Re2+ 25.Rf2 Re3 26.Rf3 Re2+ 27.Rf2 Re3 28.Rf3 Re2+ 29.Rf2 Re3
30.Rf3 Re2+  1/2-1/2

[Event "CHN Team Men 2018"]
[Site "Hangzhou CHN"]
[Date "2018.06.22"]
[Round "6.2"]
[White "Xu,Xiangyu"]
[Black "Wei Yi"]
[Result "1/2-1/2"]
[WhiteElo "2581"]
[BlackElo "2734"]

1.d4 Nf6 2.c4 e6 3.g3 d5 4.Bg2 Bb4+ 5.Nd2 O-O 6.Nf3 dxc4 7.Qc2 a5 8.a3 Bxd2+
9.Bxd2 b5 10.a4 c6 11.h4 Na6 12.Ne5 Nb4 13.Bxb4 axb4 14.Nxc6 Qd6 15.Ne7+ Qxe7
16.Bxa8 b3 17.Qc3 Qa7 18.Bf3 Nd5 19.Qc1 Qxd4 20.axb5 c3 21.bxc3 Nxc3 22.Qd2 Nxb5
23.Qxd4 Nxd4 24.O-O-O Nxf3 25.exf3 Bb7 26.Rd3 Bd5 27.Kb2 h6 28.Ra1 Rc8 29.Rc3 Rxc3
30.Kxc3 g5 31.hxg5 hxg5  1/2-1/2

[Event "CHN Team Men 2018"]
[Site "Hangzhou CHN"]
[Date "2018.06.23"]
[Round "7.4"]
[White "Wei Yi"]
[Black "Zhou Jianchao"]
[Result "1/2-1/2"]
[WhiteElo "2734"]
[BlackElo "2615"]

1.d4 d5 2.Nf3 Nf6 3.c4 c6 4.Nc3 a6 5.c5 Bf5 6.Qb3 Ra7 7.Nh4 Bg6 8.Bg5 Nbd7
9.Nxg6 hxg6 10.e4 dxe4 11.g3 e6 12.Bg2 Be7 13.O-O O-O 14.h4 b6 15.cxb6 Nxb6
16.Nxe4 Nxe4 17.Bxe7 Rxe7 18.Bxe4 Qxd4 19.Bxc6 Rc7 20.Rac1 Rb8 21.Rfd1 Qe5
22.Rc3 Nd7 23.Qa3 Nf6 24.b4 Nd5 25.Rc5 Qe2 26.Rdc1 Rxb4 27.R5c2 Qe5 28.Qxa6 Rb2
29.Rxb2 Qxb2 30.Rf1 Nb4 31.Qa8+ Kh7 32.Be4 f5 33.Qb8 Rc1 34.Bg2 Ra1 35.Qb6 Rxa2
36.Qxe6 Ra1 37.Qc4 Nc2 38.Rxa1 Qxa1+ 39.Kh2 Nd4 40.Bd5 Qd1 41.Qc8 Nf3+ 42.Bxf3 Qxf3
43.Qc5 f4 44.Qd4  1/2-1/2

[Event "Yinzhou Cup 2018"]
[Site "Ningbo CHN"]
[Date "2018.06.27"]
[Round "1.2"]
[White "Bu Xiangzhi"]
[Black "Wei Yi"]
[Result "0-1"]
[WhiteElo "2718"]
[BlackElo "2734"]

1.Nf3 d5 2.d4 Nf6 3.c4 e6 4.Nc3 c5 5.cxd5 Nxd5 6.e4 Nxc3 7.bxc3 cxd4 8.cxd4 Bb4+
9.Bd2 Bxd2+ 10.Qxd2 O-O 11.Rc1 b6 12.Bd3 Ba6 13.O-O Bxd3 14.Qxd3 Nd7 15.e5 Re8
16.h4 h6 17.h5 Nf8 18.Nd2 Qh4 19.Ne4 Qxh5 20.Nd6 Re7 21.f4 Rd8 22.Rf3 Red7
23.f5 exf5 24.Rcf1 Ne6 25.Rxf5 Qg4 26.d5 Qd4+ 27.Qxd4 Nxd4 28.R5f2 f6 29.Ne4 Re7
30.Rd1 Nc6 31.e6 Rxe6 32.Re2 Re5 33.Nc3 Kf7 34.Rc2 Ne7 35.d6 Nf5 36.Nd5 Rxd6
37.Rc7+ Re7  0-1

[Event "Yinzhou Cup 2018"]
[Site "Ningbo CHN"]
[Date "2018.06.27"]
[Round "2.1"]
[White "Li Chao2"]
[Black "Wei Yi"]
[Result "1/2-1/2"]
[WhiteElo "2725"]
[BlackElo "2734"]

1.d4 Nf6 2.c4 e6 3.Nf3 d5 4.Nc3 c5 5.cxd5 Nxd5 6.e4 Nxc3 7.bxc3 cxd4 8.cxd4 Bb4+
9.Bd2 Bxd2+ 10.Qxd2 O-O 11.Rc1 b6 12.Bd3 Ba6 13.O-O Bxd3 14.Qxd3 Nd7 15.e5 Re8
16.Rc3 Nf8 17.Rfc1 Ng6 18.g3 Ne7 19.a3 h6 20.h4 Nd5 21.R3c2 Ne7 22.h5 Qd5
23.g4 Rac8 24.Rc7 Qa8 25.Kh2 Nd5 26.R7c2 Nf4 27.Qe3 Nd5 28.Qd3 Nf4 29.Qe3  1/2-1/2

[Event "Yinzhou Cup 2018"]
[Site "Ningbo CHN"]
[Date "2018.06.27"]
[Round "3.2"]
[White "Wei Yi"]
[Black "Yu Yangyi"]
[Result "0-1"]
[WhiteElo "2734"]
[BlackElo "2759"]

1.e4 e5 2.Nf3 Nc6 3.Bb5 a6 4.Ba4 Nf6 5.O-O Be7 6.d3 b5 7.Bb3 d6 8.a3 O-O
9.Nc3 Bb7 10.Ne2 Qd7 11.Ng3 Nd8 12.Ba2 c5 13.b4 Ne6 14.Re1 Rae8 15.c4 Bd8
16.h3 Bb6 17.Be3 Qd8 18.Qd2 bxc4 19.Bxc4 d5 20.exd5 Nxd5 21.Bxc5 Nxc5 22.bxc5 Ba5
23.Qb2 Ba8 24.Bxd5 Qxd5 25.Rec1 Bc6 26.Qc2 f5 27.Qa2 Qxa2 28.Rxa2 g6 29.Re2 Bc7
30.Nd2 Rd8 31.Nc4 Rd5 32.Rce1 Re8 33.f4 Rxd3 34.Nf1 e4 35.g3 Bb5 36.Rc2 Red8
37.Nfe3 Bxc4 38.Rxc4 Rxa3 39.Kf2 Kf7 40.Rb4 Rc3 41.Ra4 a5 42.Nc4 Rd4  0-1

[Event "Yinzhou Cup 2018"]
[Site "Ningbo CHN"]
[Date "2018.06.27"]
[Round "4.2"]
[White "Wei Yi"]
[Black "Bu Xiangzhi"]
[Result "1-0"]
[WhiteElo "2734"]
[BlackElo "2718"]

1.e4 e5 2.Nf3 Nc6 3.Nc3 Nf6 4.Bb5 Bb4 5.O-O O-O 6.d3 Bxc3 7.bxc3 d6 8.Bg5 Bd7
9.Rb1 a6 10.Ba4 b5 11.Bb3 h6 12.Bh4 Na5 13.h3 Re8 14.Qc1 Qe7 15.Re1 Nxb3
16.cxb3 Qe6 17.Qd1 c5 18.Bg3 Bc6 19.c4 Nh7 20.Nh4 g6 21.Qd2 h5 22.f4 exf4
23.Bxf4 Qe7 24.Qf2 Kh8 25.Bc1 Kg8 26.Qg3 Rad8 27.Nf5 Qe6 28.Bb2 Rd7 29.Ng7 Qe7
30.Nxh5 bxc4 31.bxc4 Rb7 32.Rf1 Qd8 33.Nf6+ Nxf6 34.Bxf6 Rxb1 35.Qh4 Rxf1+
36.Kxf1 Qxf6+ 37.Qxf6 Re6 38.Qd8+ Be8 39.Qa8 Kg7 40.Kg1 Kf6 41.Kf2 Kg5 42.Qxa6 d5
43.Qc8 dxe4 44.Qxc5+ f5 45.dxe4 Rxe4 46.Qd5 Kf6 47.c5 Re6 48.a4 Ke7 49.Qb7+ Kf6
50.a5 Bc6 51.Qb2+ Re5 52.Qd4 f4 53.Qd6+  1-0

[Event "Yinzhou Cup 2018"]
[Site "Ningbo CHN"]
[Date "2018.06.28"]
[Round "5.1"]
[White "Wei Yi"]
[Black "Li Chao2"]
[Result "1-0"]
[WhiteElo "2734"]
[BlackElo "2725"]

1.e4 e5 2.Nf3 Nf6 3.Nxe5 d6 4.Nf3 Nxe4 5.d4 d5 6.Bd3 Be7 7.O-O O-O 8.Nbd2 Nxd2
9.Bxd2 Re8 10.Ne5 g6 11.f4 Nc6 12.c3 Nxe5 13.dxe5 f5 14.exf6 Bc5+ 15.Kh1 Qxf6
16.Qf3 c6 17.g4 Bd7 18.f5 gxf5 19.gxf5 Kh8 20.Bf4 Re7 21.b4 Bb6 22.Rae1 Rae8
23.Rxe7 Rxe7 24.Qg3 Bxf5 25.Bxf5 Qxf5 26.Be5+ Rxe5 27.Rxf5 Rxf5 28.Qb8+ Kg7
29.Qxb7+ Kg6 30.Qxc6+ Kg5 31.Qd7 h5 32.Qg7+ Kf4 33.Qg3+ Ke4 34.Qe1+ Be3 35.Qb1+ Kf4
36.Kg2 Rg5+ 37.Kh3 Kf3 38.a4 Re5 39.a5 Kf2 40.Qc2+ Ke1 41.Qg2 Re4 42.Qg6 Kd2
43.Qxh5 Kxc3 44.b5 Kc4 45.Qe2+ Kc5 46.b6 axb6 47.a6 Kc6 48.a7 Kb7 49.Qa2 Re8
50.Qxd5+  1-0

[Event "Yinzhou Cup 2018"]
[Site "Ningbo CHN"]
[Date "2018.06.28"]
[Round "6.2"]
[White "Yu Yangyi"]
[Black "Wei Yi"]
[Result "1-0"]
[WhiteElo "2759"]
[BlackElo "2734"]

1.d4 Nf6 2.c4 c5 3.e3 g6 4.Nc3 cxd4 5.exd4 Bg7 6.Nf3 O-O 7.Bg5 h6 8.Bxf6 Bxf6
9.Qd2 Bg7 10.Be2 d6 11.Rd1 g5 12.O-O Nd7 13.d5 Ne5 14.Nxe5 Bxe5 15.Kh1 f5
16.Qc2 Bd7 17.a3 Rc8 18.b4 b5 19.c5 dxc5 20.Nxb5 Qb6 21.d6 exd6 22.Nc3 Be6
23.Na4 Qc6 24.bxc5 dxc5 25.Bc4 Bd4 26.Rfe1 Bf7 27.Re7 Qf6 28.Rxa7 Bxc4 29.Qxc4+ Kh8
30.Ra6 Qg7 31.Qe6 Kh7 32.Rd6 Rce8 33.Qd5 Re5 34.Qc6 Rf7 35.Nb6 Rfe7 36.g3 Bxf2
37.Nd5 Rxd5 38.Qxd5  1-0

[Event "TCh-CHN B 2018"]
[Site "Jiangmen CHN"]
[Date "2018.07.10"]
[Round "2.1"]
[White "Wei Yi"]
[Black "Jiang,Qinyu"]
[Result "1-0"]
[WhiteElo "2729"]
[BlackElo "1903"]

1.b3 d5 2.Bb2 e6 3.e3 Nf6 4.f4 c5 5.Nf3 Nc6 6.Bb5 Be7 7.Ne5 Qb6 8.Bxc6+ bxc6
9.O-O O-O 10.Rf3 Ne8 11.Rh3 f6 12.Qh5 fxe5 13.Qxh7+ Kf7 14.Qh5+ Kg8 15.fxe5 Nc7
16.Qh7+ Kf7 17.Rg3 Ke8 18.Rxg7 Ba6 19.Rxe7+ Kd8 20.Nc3 d4 21.Na4 Qa5 22.Nxc5 Qxc5
23.Rxc7  1-0

[Event "TCh-CHN B 2018"]
[Site "Jiangmen CHN"]
[Date "2018.07.12"]
[Round "4.1"]
[White "Wei Yi"]
[Black "Wu Xibin"]
[Result "1-0"]
[WhiteElo "2729"]
[BlackElo "2221"]

1.e4 e5 2.Nf3 Nc6 3.Bb5 a6 4.Ba4 Nf6 5.O-O Be7 6.Re1 b5 7.Bb3 d6 8.a4 b4
9.d4 Bg4 10.dxe5 dxe5 11.Qxd8+ Rxd8 12.Nbd2 O-O 13.h3 Bh5 14.Bc4 a5 15.Bb5 Nd4
16.Nxd4 Rxd4 17.Bd3 Nd7 18.Nb3 Rd6 19.Nxa5 Nc5 20.Bb5 Rd1 21.Rxd1 Bxd1 22.Be3 Bxc2
23.Rc1 b3 24.Bxc5 Bxc5 25.Nxb3 Bxf2+ 26.Kxf2 Bxb3 27.Rxc7 f5 28.a5 fxe4+
29.Ke3 Rb8 30.Rc5  1-0

[Event "TCh-CHN B 2018"]
[Site "Jiangmen CHN"]
[Date "2018.07.12"]
[Round "5.1"]
[White "Bacrot,E"]
[Black "Wei Yi"]
[Result "1/2-1/2"]
[WhiteElo "2710"]
[BlackElo "2729"]

1.e4 e5 2.Nf3 Nc6 3.Bb5 a6 4.Ba4 Nf6 5.O-O Nxe4 6.d4 b5 7.Bb3 d5 8.dxe5 Be6
9.Be3 Be7 10.c3 O-O 11.Nbd2 Bg4 12.Nxe4 dxe4 13.Qd5 Qxd5 14.Bxd5 exf3 15.Bxc6 fxg2
16.Rfc1  1/2-1/2

[Event "TCh-CHN B 2018"]
[Site "Jiangmen CHN"]
[Date "2018.07.13"]
[Round "6.1"]
[White "Wei Yi"]
[Black "Ma,Lin"]
[Result "1-0"]
[WhiteElo "2729"]
[BlackElo "2180"]

1.e4 c5 2.Nf3 d6 3.d4 cxd4 4.Nxd4 Nf6 5.Nc3 a6 6.Nb3 g6 7.Be2 Bg7 8.Be3 O-O
9.g4 Nc6 10.h4 b5 11.h5 Be6 12.g5 Nd7 13.Nd4 Nxd4 14.Bxd4 Bxd4 15.Qxd4 Qb6
16.Qd2 Rfc8 17.f4 Rc5 18.hxg6 fxg6 19.b4 Rcc8 20.f5 gxf5 21.Nd5 Qd8 22.g6 hxg6
23.Rh8+ Kxh8 24.Qh6+ Kg8 25.Qxg6+ Kf8 26.Qh6+ Kg8 27.Qxe6+ Kg7 28.O-O-O Nf6
29.Rg1+ Kh8 30.Nxe7  1-0

[Event "TCh-CHN B 2018"]
[Site "Jiangmen CHN"]
[Date "2018.07.14"]
[Round "7.1"]
[White "Huang,Renjie"]
[Black "Wei Yi"]
[Result "0-1"]
[WhiteElo "2308"]
[BlackElo "2729"]

1.e4 c5 2.Nf3 d6 3.d4 cxd4 4.Nxd4 Nf6 5.Nc3 a6 6.Bc4 e6 7.O-O Be7 8.Qf3 O-O
9.Bb3 Nbd7 10.Bg5 h6 11.Bh4 Nc5 12.Rfe1 Bd7 13.Rad1 b5 14.a3 Qb6 15.Bg3 Nxb3
16.Nxb3 e5 17.Qd3 a5 18.Nd2 Rac8 19.Ne2 Rfd8 20.c3 Bc6 21.Qb1 Nd7 22.Kh1 h5
23.Nf3 Nc5 24.Nc1 Qb7  0-1

[Event "TCh-CHN B 2018"]
[Site "Jiangmen CHN"]
[Date "2018.07.14"]
[Round "8.1"]
[White "Wei Yi"]
[Black "Fang,Yuxiang"]
[Result "1-0"]
[WhiteElo "2729"]
[BlackElo "2500"]

1.e4 e5 2.Nf3 Nc6 3.Bb5 Nf6 4.d3 Bc5 5.Bxc6 dxc6 6.Nbd2 O-O 7.Nc4 Re8 8.Qe2 Ng4
9.h3 b5 10.Ncd2 Nf6 11.g4 Bd6 12.Nf1 Nd7 13.Ng3 Nf8 14.Nf5 Be6 15.h4 c5 16.h5 Qd7
17.N3h4 c4 18.Qf3 Be7 19.dxc4 Bxc4 20.Nxe7+ Qxe7 21.Nf5 Qf6 22.g5 Qc6 23.Be3 Rad8
24.Rg1 b4 25.h6 g6 26.Ng7 Re7 27.Qf6 Qxf6 28.gxf6 Red7 29.b3 Bb5 30.Rg5 Bc6
31.Rxe5 Rd6 32.f3 Nd7 33.Ra5 Ra8 34.Ra6 Bb7 35.Rxd6 cxd6 36.O-O-O d5 37.Bg5 Nb6
38.e5 a5 39.Be3 Nd7 40.f4 Rc8 41.Bd4 Kf8 42.e6 fxe6 43.Nxe6+ Kg8 44.Ng5 Rf8
45.Re1 Nxf6 46.Re7  1-0

[Event "TCh-CHN B 2018"]
[Site "Jiangmen CHN"]
[Date "2018.07.16"]
[Round "10.1"]
[White "Wei Yi"]
[Black "Xi,Qi"]
[Result "1-0"]
[WhiteElo "2729"]
[BlackElo "2134"]

1.e4 e6 2.d4 d5 3.Nc3 Nf6 4.e5 Nfd7 5.f4 c5 6.Nf3 Nc6 7.Be3 Be7 8.Qd2 O-O
9.dxc5 Nxc5 10.O-O-O a6 11.Kb1 Qc7 12.h4 b5 13.Bxc5 Bxc5 14.Ng5 h6 15.Qd3 g6
16.Nh3 Ne7 17.h5 b4 18.Ne2 a5 19.g4 a4 20.Nc1 b3 21.cxb3 a3 22.Rh2 axb2 23.Rxb2 Ba6
24.Qf3 Bxf1 25.Qxf1 Ba3 26.Rc2 Qa5 27.Qe1 Qa7 28.Qf2 Qa5 29.f5 exf5 30.gxf5 Nxf5
31.Rg1 Ne7 32.e6 f5 33.hxg6 Rfc8 34.Nd3 Rxc2 35.Qxc2 Rc8 36.Qh2 Qc3 37.Nhf4 d4
38.Qe2 Rc6 39.g7 Rc7 40.Qd1 Qc6 41.Qd2 Rc8 42.Ne5 Qe4+ 43.Nfd3 Qh4 44.Nf4 Kh7
45.Nd7 Kg8 46.Qxd4 Ng6 47.Nf6+ Kxg7 48.Rxg6+ Kf8 49.Rg8+ Ke7 50.Rg7+  1-0

[Event "9th Hainan Danzhou GM"]
[Site "Danzhou CHN"]
[Date "2018.07.27"]
[Round "1.3"]
[White "Wei Yi"]
[Black "Fedoseev,Vl3"]
[Result "1/2-1/2"]
[WhiteElo "2729"]
[BlackElo "2707"]

1.d4 d5 2.Nf3 Nf6 3.c4 e6 4.g3 Bb4+ 5.Bd2 Be7 6.Bg2 O-O 7.O-O Nbd7 8.Qc2 c6
9.Rc1 Re8 10.b3 Ne4 11.Nc3 Nxd2 12.Nxd2 g6 13.Rab1 Qa5 14.e4 dxe4 15.Ncxe4 f5
16.Nc3 e5 17.b4 Qd8 18.dxe5 Nxe5 19.Re1 Bf6 20.Rbd1 Bd7 21.Nb3 Qc7 22.Nc5 Rad8
23.Nxd7 Nxd7 24.Ne2 Ne5 25.Nf4 Qf7 26.c5 Kg7 27.h3 Rd7 28.a3 Rde7 29.Nd3 Qc4
30.Qb1 a5 31.Nxe5 Bxe5 32.Qd3 Qc3 33.Qxc3 Bxc3 34.Rxe7+ Rxe7 35.Rb1 axb4
36.axb4 Re2 37.b5 Bd4 38.bxc6 bxc6 39.Rf1 Bxc5 40.Bxc6 h5 41.Kg2 Kf6 42.h4 Rb2
43.Bf3 Rd2 44.Kg1 Kg7 45.Kg2 Kh6 46.Kg1  1/2-1/2

[Event "9th Hainan Danzhou GM"]
[Site "Danzhou CHN"]
[Date "2018.07.28"]
[Round "2.3"]
[White "Shankland,S"]
[Black "Wei Yi"]
[Result "1/2-1/2"]
[WhiteElo "2727"]
[BlackElo "2729"]

1.d4 Nf6 2.c4 e6 3.Nc3 Bb4 4.Qc2 O-O 5.Bg5 c5 6.dxc5 Na6 7.a3 Bxc3+ 8.Qxc3 Nxc5
9.Bxf6 Qxf6 10.Qxf6 gxf6 11.Rd1 a5 12.e3 Na4 13.b3 Nc5 14.b4 Na4 15.Rc1 b6
16.Ne2 Bb7 17.Nf4 Rfc8 18.Be2 b5 19.c5 axb4 20.axb4 d6 21.Bxb5 dxc5 22.bxc5 Rxc5
23.Rxc5 Nxc5 24.O-O f5 25.h3 Nb3 26.Rd1 Ra1 27.Rxa1 Nxa1 28.Ba4 Be4 29.g4 fxg4
30.hxg4 Bc2 31.Bc6 Nb3 32.Ba4 Na1 33.Bc6 Nb3  1/2-1/2

[Event "9th Hainan Danzhou GM"]
[Site "Danzhou CHN"]
[Date "2018.07.29"]
[Round "3.2"]
[White "Wei Yi"]
[Black "Yu Yangyi"]
[Result "0-1"]
[WhiteElo "2729"]
[BlackElo "2762"]

1.e4 e5 2.Nf3 Nf6 3.Nxe5 d6 4.Nf3 Nxe4 5.Nc3 Nf6 6.d4 Be7 7.Bd3 O-O 8.O-O Nc6
9.d5 Ne5 10.Nxe5 dxe5 11.Re1 Nd7 12.Ne4 Nf6 13.Nxf6+ Bxf6 14.Qf3 Re8 15.c4 b6
16.Bd2 Qd7 17.Re4 c6 18.dxc6 Qxc6 19.Rxe5 Bb7 20.Qxc6 Bxc6 21.Rxe8+ Rxe8
22.Bc3 Bxc3 23.bxc3 Re5 24.f3 Kf8 25.Kf2 h6 26.a3 g5 27.g3 Ke7 28.f4 gxf4
29.gxf4 Rh5 30.Kg3 Bd7 31.h4 Rc5 32.Re1+ Kf6 33.Rb1 Ra5 34.Ra1 Rc5 35.Rb1 Bf5
36.Bxf5 Kxf5 37.Rd1 Rxc4 38.Rd5+ Ke6 39.Re5+ Kf6 40.Kg4 Rxc3 41.a4 Rc5  0-1

[Event "9th Hainan Danzhou GM"]
[Site "Danzhou CHN"]
[Date "2018.07.30"]
[Round "4.4"]
[White "Bu Xiangzhi"]
[Black "Wei Yi"]
[Result "1/2-1/2"]
[WhiteElo "2712"]
[BlackElo "2729"]

1.d4 Nf6 2.c4 e6 3.Nc3 Bb4 4.Nf3 d5 5.Bg5 dxc4 6.e4 c5 7.Bxc4 cxd4 8.Nxd4 Bxc3+
9.bxc3 Qa5 10.Bb5+ Bd7 11.Bxf6 gxf6 12.Qb3 a6 13.Bxd7+ Nxd7 14.Nxe6 Rc8 15.O-O Rxc3
16.Ng7+ Kf8 17.Qxb7 Rc7 18.Qb3 Kxg7 19.Qg3+ Kf8 20.Qd6+ Kg7 21.Qg3+ Kf8 22.Qd6+ Kg7  1/2-1/2

[Event "9th Hainan Danzhou GM"]
[Site "Danzhou CHN"]
[Date "2018.08.01"]
[Round "5.1"]
[White "Wei Yi"]
[Black "Le Quang Liem"]
[Result "1/2-1/2"]
[WhiteElo "2729"]
[BlackElo "2728"]

1.d4 Nf6 2.c4 e6 3.g3 Bb4+ 4.Nd2 d5 5.Bg2 O-O 6.Nf3 b6 7.O-O Bb7 8.b3 Nbd7
9.Bb2 c5 10.a3 Bxd2 11.Nxd2 Rc8 12.b4 cxd4 13.Bxd4 e5 14.Bb2 Qe7 15.Rc1 Rfd8
16.Qb3 dxc4 17.Nxc4 Bxg2 18.Kxg2 b5 19.Na5 Nb6 20.Qe3 Rd5 21.Rxc8+ Nxc8 22.Rc1 Nb6
23.Rc5 Qd7 24.Qb3 e4 25.Bxf6 gxf6 26.Qe3 Qe6 27.Rc6 Qe5 28.Nb3 Kg7 29.Nd2 Rd4
30.Nb3 Rc4 31.Rc5 Nd5 32.Qd2 Rxc5 33.Nxc5 e3 34.Qd3 exf2 35.Kxf2 Nc3 36.Ke1 Nd5
37.Kf2 h5 38.Nd7 Qe6 39.Nc5 Qe5 40.Nb3 Ne7 41.Nd4 a6 42.Kf3 h4 43.Qe4 hxg3
44.hxg3 Qd6 45.e3 Kg8 46.Qa8+ Kg7 47.Qb7 Kg8 48.Qe4 Kf8 49.Ke2 Nd5 50.Qh1 Ke8
51.Qh8+ Kd7 52.Qh7 Ke8 53.Qg8+ Qf8 54.Qg4 Kd8 55.e4 Nb6 56.Qf4 Nd7 57.Kf1 Qh8
58.Kg2 Ne5 59.Nc6+ Ke8 60.Nxe5 fxe5 61.Qf5 Ke7 62.Qg5+ f6 63.Qc1 Kf7 64.Qc7+ Kg6
65.Qd7 Qh5 66.Qe8+ Kg5 67.Qg8+ Qg6 68.Qxg6+ Kxg6 69.g4 Kg5 70.Kg3 Kg6 71.Kg2 Kg5
72.Kg3 Kg6  1/2-1/2

[Event "9th Hainan Danzhou GM"]
[Site "Danzhou CHN"]
[Date "2018.08.02"]
[Round "6.4"]
[White "Wei Yi"]
[Black "Vidit,S"]
[Result "1/2-1/2"]
[WhiteElo "2729"]
[BlackElo "2718"]

1.e4 e5 2.Nf3 Nc6 3.Bb5 a6 4.Ba4 Nf6 5.O-O Nxe4 6.d4 b5 7.Bb3 d5 8.dxe5 Be6
9.Qe2 Be7 10.Rd1 O-O 11.c4 bxc4 12.Bxc4 Bc5 13.Be3 Bxe3 14.Qxe3 Qb8 15.Bb3 Na5
16.Nd4 c5 17.Nxe6 fxe6 18.f3 c4 19.fxe4 cxb3 20.exd5 bxa2 21.Rxa2 Nc4 22.Qd4 Qb3
23.Nc3 Rac8 24.Rb1 Nd2 25.Qxd2 Rxc3 26.Qxc3 Qxa2 27.Rd1 exd5 28.Qd4 Qc4 29.Qxd5+ Qxd5
30.Rxd5 Re8 31.Rd6 Rxe5 32.Rxa6 Re2 33.Rb6 h5 34.h4 Re4 35.g3 Re3 36.Kf2 Rd3
37.Rb5 Kf7 38.b4 Rb3 39.Rf5+ Ke6 40.Rg5 Rxb4 41.Rxg7 Rb5  1/2-1/2

[Event "9th Hainan Danzhou GM"]
[Site "Danzhou CHN"]
[Date "2018.08.03"]
[Round "7.2"]
[White "Duda,J"]
[Black "Wei Yi"]
[Result "0-1"]
[WhiteElo "2737"]
[BlackElo "2729"]

1.c4 e6 2.Nc3 Nf6 3.e4 d5 4.e5 d4 5.exf6 dxc3 6.dxc3 Qxd1+ 7.Kxd1 gxf6 8.g3 Nc6
9.Ke2 h5 10.b3 a5 11.Bg2 a4 12.b4 Ne5 13.c5 Bd7 14.c4 O-O-O 15.Bb2 Bg7 16.Bxe5 fxe5
17.Rd1 f5 18.Nf3 Bf6 19.h4 Bc6 20.Rxd8+ Rxd8 21.Rc1 e4 22.Ng5 Rd4 23.Bf1 Bd7
24.Ke3 e5 25.Be2 Be8 26.Ne6 Rd7 27.Rd1 a3 28.Rb1 Bf7 29.Ng5 Bg6 30.Rd1 Rd4
31.Nh3 Bg7 32.Rc1 Kd7 33.Rc3 Bh6+ 34.Ng5 f4+ 35.gxf4 exf4+ 36.Kxf4 Rd2 37.Bxh5 Bxh5
38.Rxa3 Rxf2+ 39.Kxe4 Bg6+ 40.Kd4 Re2 41.c6+ Kxc6 42.b5+ Kb6 43.Kd5 c6+ 44.Kd4  0-1

[Event "Inarkiev-Wei Yi Match"]
[Site "Magas RUS"]
[Date "2018.08.12"]
[Round "1"]
[White "Inarkiev,E"]
[Black "Wei Yi"]
[Result "1-0"]
[WhiteElo "2690"]
[BlackElo "2735"]

1.d4 Nf6 2.Nf3 g6 3.Bg5 Bg7 4.Nbd2 O-O 5.c3 d5 6.e3 b6 7.Bd3 Bb7 8.O-O c5
9.Ne5 Ne8 10.Bh4 Nd6 11.Qg4 Bc8 12.Qe2 Bb7 13.Rad1 Nd7 14.Nef3 Nf6 15.dxc5 bxc5
16.c4 Qc7 17.Bg3 Nh5 18.cxd5 Nxg3 19.hxg3 Bxd5 20.e4 Bxa2 21.e5 Nb7 22.b3 Na5
23.Ra1 Bxb3 24.Rxa5 Qxa5 25.Nxb3 Qb6 26.Nbd2 a5 27.Nc4 Qc7 28.Be4 Rab8 29.Ra1 Rb4
30.Qc2 Rd8 31.Kh2 h5 32.Rxa5 h4 33.Ra6 hxg3+ 34.fxg3 e6 35.Rc6 Qe7 36.Ne3 Bh6
37.Ng4 Kg7 38.Nxh6 Rh8 39.g4 Rxh6+ 40.Kg3 c4 41.Qc1 Rb3 42.g5 Rh5 43.Kg4 Kh7
44.Rxc4 Rb4 45.Qa3 Rb7 46.Qc3 Ra7 47.Qd2 Qd7 48.Qf4 Qd1 49.Kg3 Qd7 50.Qf6 Ra3
51.Rb4  1-0

[Event "Inarkiev-Wei Yi Match"]
[Site "Magas RUS"]
[Date "2018.08.14"]
[Round "3"]
[White "Inarkiev,E"]
[Black "Wei Yi"]
[Result "0-1"]
[WhiteElo "2690"]
[BlackElo "2735"]

1.d4 Nf6 2.Nf3 g6 3.c4 Bg7 4.Nc3 d5 5.h4 c5 6.dxc5 O-O 7.cxd5 Na6 8.h5 Nxc5
9.hxg6 fxg6 10.Bh6 Bxh6 11.Rxh6 Qb6 12.Rh4 Bf5 13.Qd2 Nce4 14.Nxe4 Bxe4 15.d6 Qxd6
16.Qxd6 exd6 17.Rd1 Rac8 18.e3 d5 19.Bd3 Bxd3 20.Rxd3 Rc1+ 21.Ke2 Rfc8 22.Ne1 Rb1
23.Rb3 b6 24.Rd4 Ne4 25.Rxd5 Rcc1 26.Nf3 Rf1 27.Ra3 Rxf2+ 28.Kd3 Nd6 29.Nd4 Rd1+
30.Kc3 Ne4+ 31.Kb3 a5 32.Re5 Nd6 33.Rd5 Rd3+ 34.Ka4 Rxb2  0-1